000 00892nam a2200229Ii 4500
003 JO-AjNU
008 230605s9999||||xx |||||||||||||| ||und||
017 _a2005/7/1717
020 _a9957-16-079-6
040 _aJO-AjNU
_bara
_erda
_cJO-AjNU
041 _aara
050 1 4 _aKMM80.F37.2006
100 3 _a الفار ، عبد القادر ,
_eauthor
_912744
245 0 0 _aمصادر الالتزام مصادر الحق الشخصي في القانون المدني
250 _aط1
264 3 1 _aعمان : دار الثقافة ، 2005
300 _a311ص
_bيشتمل على قائمة بالمراجع ص (261 - 262 ) ويشتمل على ملاحق قانونية ص ( 265 - 311 )
336 _atext
_btxt
_2rdacontent
337 _aunmediated
_bn
_2rdamedia
338 _avolume
_bnc
_2rdacarrier
650 4 _aالقانون المدني -- الملكية -- الأردن
_912745
999 _aA2989
_c6557
_d6557